000
00284nam a22001337a 4500
008
170816b xxu||||| |||| 00| 0 eng d
020
_a
9780030722431
041
_a
eng
080
_2
4TH
_a
311
100
_a
36
101
_a
STA
245
_a
STATISTICS
_c
WITTE,R.S
942
_2
udc
_c
BK
999
_c
23616
_d
23616